| 000 | 00425nam a2200181Ia 4500 | ||
|---|---|---|---|
| 008 | 230524s9999 xx 000 0 und d | ||
| 020 | _a0070435898 | ||
| 082 |
_a621.3 _bKOT |
||
| 100 | _aD P Kothari | ||
| 245 | 0 | _aBasic Electrical Engineering | |
| 250 | _a2ND | ||
| 260 |
_aNEW DELHI _bTMH _c2004 |
||
| 300 | _aXVI;667 | ||
| 500 | _aQuantity Number: 9 | ||
| 650 | _aElectrical | ||
| 700 | _a I.J.Nagrath | ||
| 942 | _cBK | ||
| 999 |
_c4414 _d4414 |
||